000 00725nam a2200277 a 4500
003 AR-BaBNM
005 20251128203456.0
008 082120s2002 ||||||||||||||000 | spa||
020 _a84-348-1167-7
040 _cAR-BaBNM
100 1 _aHeck, Elisabeth
245 0 0 _aMiguel y el dragón
250 _a6ª ed.
260 _aMadrid
_bEdiciones S.M.
_c1987
300 _a64 p.
_bil.
490 0 _aEl barco de vapor
_vv. 44
500 _aRecomendado para las primeras lecturas
650 4 _aLITERATURA INFANTIL
650 4 _aLIBROS PARA NIÑOS
650 4 _aCUENTOS DE ANIMALES
653 _aCUENTO MARAVILLOSO
655 _aLITERATURA
700 1 _aStraube, Eckart
_eilustrador
942 _cBK
998 _claura
999 _c3553
_d3553